Central Library OPAC University of Rajshahi

বাংলাদেশের কবিতায় সমাজ ও রাজনীতি ভাবনা (১৯৪৭-৭১) : (Record no. 79630)

MARC details
000 -LEADER
fixed length control field 01508nam a2200253 a 4500
001 - CONTROL NUMBER
RUCL Control Number 79630
003 - CONTROL NUMBER IDENTIFIER
rucl marc code BD-RjUL
005 - DATE AND TIME OF LATEST TRANSACTION
control field 20221219130741.0
008 - FIXED-LENGTH DATA ELEMENTS--GENERAL INFORMATION
fixed length control field 220329s2007 bg ||||| m||| 00| 0 ben d
035 ## - SYSTEM CONTROL NUMBER
system control number (BD-RjUL)79630
040 ## - CATALOGING SOURCE
Original cataloging agency BD-RjUL
Language of cataloging ben/eng
Transcribing agency BD-RjUL
Modifying agency BD-RjUL
041 ## - LANGUAGE CODE
Language code of Book ben
082 ## - DEWEY DECIMAL CLASSIFICATION NUMBER
DDC Edition number 23
Classification number 891.44109
Author mark and Year CHB 2007
100 ## - MAIN ENTRY--PERSONAL NAME
Personal name চক্রবর্তী, ফাল্গুনী রানী
9 (RLIN) 2112
245 10 - TITLE STATEMENT
Title বাংলাদেশের কবিতায় সমাজ ও রাজনীতি ভাবনা (১৯৪৭-৭১) :
Statement of responsibility, etc ফাল্গুনী রানী চক্রবর্তী ;
Name of Supervisor/Co-Supervisor তত্ত্বাবধায়ক : মো: শহীদ ইকবাল
260 ## - PUBLICATION, DISTRIBUTION, ETC. (IMPRINT)
Place of publication, distribution, etc রাজশাহী :
Name of publisher, distributor, etc বাংলা বিভাগ,রাজশাহী বিশ্ববিদ্যালয়,
Date of publication, distribution, etc ২০০৭
300 ## - PHYSICAL DESCRIPTION
Pagination [১], v, ১৬১ পাতা ;
Dimensions ২৯ সেমি.
502 ## - DISSERTATION NOTE
Dissertation note থিসিস (পিএইচ. ডি.)-- বাংলা বিভাগ, রাজশাহী বিশ্ববিদ্যালয়, ২০০৭
504 ## - BIBLIOGRAPHY, ETC. NOTE
Bibliography, etc গ্রন্থপঞ্জি: পাতা ১৫৮-১৬১
650 ## - SUBJECT ADDED ENTRY--TOPICAL TERM
Topical term or geographic name as entry element বাংলা কবিতা
Form subdivision ইতিহাস ও সমালোচনা
Chronological subdivision ১৯৪৭-৭১
9 (RLIN) 2113
Topical term or geographic name as entry element Bengali poetry
Form subdivision History and Criticism
Chronological subdivision 1947-71
9 (RLIN) 2114
700 ## - ADDED ENTRY--SUPERVISOR/CO-SUPERVISOR NAME
Personal name ইকবাল, মো: শহীদ, তত্ত্বাবধায়ক
9 (RLIN) 2101
942 ## - ADDED ENTRY ELEMENTS (KOHA)
Source of classification or shelving scheme Dewey Decimal Classification
Koha item type Theses
Holdings
Source of classification or shelving scheme Damaged status Not for loan Collection code Permanent Location Current Location Shelving location Date of accession Source of acquisition Total Checkouts Full call number Barcode Date last seen Copy number Thesis
Dewey Decimal Classification   Not For Loan Theses Central Library, University of Rajshahi Central Library, University of Rajshahi Documentation Section 21/04/2008 Controller of Exam. R.U.   BTHE 891.44109 CHB 2007 D2848 29/03/2022 C-1 Theses